| 000 | 00571nam a2200193Ia 4500 | ||
|---|---|---|---|
| 005 | 20250508160954.0 | ||
| 008 | 008 250505s9999 xx 000 0 eng d | ||
| 037 | _aTextual | ||
| 040 |
_aFEDL _beng _cFEDL |
||
| 041 |
_aeng _2eng |
||
| 084 |
_a370.954 5, SIN _qFEDL |
||
| 100 |
_aBrij Pal Singh _9769899 |
||
| 245 | 0 | _aEducational progress and economic development in Punjab | |
| 260 |
_aPatiala, India _bPunjab University Press _c0974 |
||
| 300 | _aiii,144p | ||
| 650 | _aEducation | ||
| 942 |
_cTEXL _h370.954 5, SIN |
||
| 999 |
_c1367693 _d1367693 |
||